[Event "Let's Play Chess!"]
[Site "http://www.queenalice.com/game.php?id=1454078"]
[Date "2016.12.9"]
[Round "-"]
[White "Zizek"]
[Black "igorjava"]
[Result "1/2-1/2"]
[WhiteElo "1035"]
[BlackElo "1999"]

1. e4 c5 2. Nf3 d6 3. d4 cxd4 4. Nxd4 Nf6 5. Nc3 e5 6. Ndb5 a6 7. Na3 Be7 8. Be3
Nc6 9. Nc4 b5 10. Nb6 Rb8 11. Nbd5 Na5 12. Qd2 Bb7 13. Nxe7 Qxe7 14. f3 O-O 15.
O-O-O Rfd8 16. a3 Rbc8 17. Bb6 Nc4 18. Bxd8 Rxd8 19. Bxc4 bxc4 20. g4 Ne8 21.
Nd5 Bxd5 22. Qxd5 c3 23. bxc3 Qc7 24. Rd3 1/2-1/2

[Event "Let's Play Chess!"]
[Site "http://www.queenalice.com/game.php?id=1454079"]
[Date "2016.12.9"]
[Round "-"]
[White "Zizek"]
[Black "PatricioKM"]
[Result "0-1"]
[WhiteElo "1127"]
[BlackElo "1730"]

1. e4 e5 2. f4 d6 3. Nf3 Nc6 4. Bc4 Nf6 5. Nc3 Bg4 6. h3 Bh5 7. O-O a6 8. g4 Bg6
9. f5 Bxf5 10. gxf5 b5 11. Bb3 a5 12. a3 b4 13. Ng5 Qd7 14. Nxf7 Rg8 15. Nb5
Nxe4 16. d3 Nc5 17. Nxe5 Nxe5 18. Bxg8 Qxb5 19. d4 Nc4 20. Bxc4 Qxc4 21. dxc5
Qxc5+ 22. Rf2 O-O-O 23. axb4 axb4 24. Ra8+ Kd7 25. Rxd8+ Kxd8 0-1

[Event "Let's Play Chess!"]
[Site "http://www.queenalice.com/game.php?id=1454080"]
[Date "2016.12.9"]
[Round "-"]
[White "PatricioKM"]
[Black "Zizek"]
[Result "1-0"]
[WhiteElo "1728"]
[BlackElo "1127"]

1. e4 d6 2. d4 g6 3. Nf3 Bg7 4. Nc3 a6 5. Bc4 b5 6. Bd5 c6 7. Bb3 Bb7 8. Ng5 e6
9. Qf3 Qe7 10. Bf4 Bxd4 11. O-O-O c5 12. a3 Nf6 13. h3 e5 14. Be3 Bxe3+ 15. Qxe3
O-O 16. g4 c4 17. Ba2 Nbd7 18. f3 Nc5 19. h4 Rad8 20. h5 Kg7 21. hxg6 fxg6 22.
Ne2 Kg8 23. Nc3 1-0

[Event "Lemon"]
[Site "http://www.queenalice.com/game.php?id=1454532"]
[Date "2016.12.13"]
[Round "-"]
[White "magalhaes_br"]
[Black "Zizek"]
[Result "1-0"]
[WhiteElo "1385"]
[BlackElo "1045"]

1. c4 Nf6 2. Nc3 g6 3. d3 Bg7 4. h3 d6 5. e4 O-O 6. d4 e5 7. d5 Na6 8. a3 Nc5 9.
f3 Nh5 10. Rh2 f5 11. b4 Qh4+ 12. Kd2 Bh6+ 13. Kc2 Bxc1 14. Qxc1 Qg3 15. Rh1
Qf2+ 16. Nce2 Ng3 17. Rh2 Na4 18. b5 fxe4 19. Qd2 1-0

[Event "Let's Play Chess!"]
[Site "http://www.queenalice.com/game.php?id=1454540"]
[Date "2016.12.13"]
[Round "-"]
[White "coolchess"]
[Black "Zizek"]
[Result "0-1"]
[WhiteElo "1500"]
[BlackElo "960"]

1. d4 Nf6 2. c4 g6 3. Nc3 Bg7 4. e4 d6 5. Nge2 O-O 6. g3 e5 7. d5 Na6 8. Bg2 Nh5
9. Bg5 Qxg5 10. O-O f5 11. f3 f4 12. g4 Nf6 13. Qe1 Nc5 14. h4 Qh6 15. g5 Qh5
16. gxf6 Bxf6 17. b4 Bxh4 18. Qc1 Bg3 19. Nxg3 fxg3 20. Rd1 Qh2+ 21. Kf1 Bh3 0-1

[Event "AUTO-BEG-647"]
[Site "http://www.queenalice.com/game.php?id=1454560"]
[Date "2016.12.13"]
[Round "1"]
[White "philippecmp"]
[Black "Zizek"]
[Result "1-0"]
[WhiteElo "1308"]
[BlackElo "1094"]

1. d4 d5 2. e3 Bf5 3. Bd3 Bxd3 4. Qxd3 Nf6 5. f3 Nbd7 6. Nc3 c5 7. Qb5 cxd4 8.
exd4 Qb6 9. Bf4 Rc8 10. Nge2 e6 11. O-O Be7 12. a3 a6 13. Qxb6 Nxb6 14. b3 Rc6
15. Rfd1 Kd7 16. Rd3 Rhc8 17. Rad1 Bxa3 18. Be5 Bb4 19. Na4 Nxa4 20. bxa4 Rxc2
21. Nf4 1-0

[Event "AUTO-BEG-647"]
[Site "http://www.queenalice.com/game.php?id=1454561"]
[Date "2016.12.13"]
[Round "1"]
[White "Zizek"]
[Black "philippecmp"]
[Result "1-0"]
[WhiteElo "1077"]
[BlackElo "1277"]

1. e4 e5 2. f4 f6 3. Nf3 d6 4. Bc4 Ne7 5. O-O d5 6. exd5 Nxd5 7. fxe5 fxe5 8.
Nxe5 Qd6 9. Qh5+ g6 10. Nxg6 hxg6 11. Qxh8 b6 12. Bxd5 Qxd5 13. Rxf8+ Kd7 14.
Rxc8 Qc5+ 15. d4 Qxc2 16. Qe8+ Kd6 17. Bf4+ Kd5 18. Qe5+ Kc4 19. Na3+ Kd3 20.
Qe3# 1-0

[Event "AUTO-BEG-647"]
[Site "http://www.queenalice.com/game.php?id=1454588"]
[Date "2016.12.13"]
[Round "1"]
[White "Zizek"]
[Black "Pin"]
[Result "1-0"]
[WhiteElo "1035"]
[BlackElo "1896"]

1. Nf3 d5 2. g3 Nf6 3. Bg2 Bg4 4. Ne5 Be6 5. d4 g6 6. O-O Bg7 7. Bg5 Nbd7 8. Nc3
c6 9. f4 Nxe5 10. fxe5 Nd7 11. e4 Nb6 12. exd5 Nxd5 13. Nxd5 Bxd5 14. Bxd5 Qxd5
15. Qd3 h6 16. Be3 O-O-O 17. c4 Qe6 18. Qa3 Qxc4 19. Rac1 Qd5 20. Qxe7 Rd7 21.
Qa3 Kb8 22. Rc2 h5 23. Rcf2 Rhd8 24. Qb3 Qxb3 25. axb3 b6 26. Rxf7 Rxf7 27. Rxf7
Bf8 28. Bf4 Ka8 29. Rf6 Bb4 30. Be3 Rf8 31. Rxg6 h4 32. Rf6 Rg8 33. Kg2 hxg3 34.
hxg3 Be1 35. Bf4 Kb7 36. e6 Re8 37. Bd6 Bd2 38. Rf7+ 1-0

[Event "Challenge"]
[Site "http://www.queenalice.com/game.php?id=1455206"]
[Date "2016.12.17"]
[Round "-"]
[White "coolchess"]
[Black "Zizek"]
[Result "1-0"]
[WhiteElo "1882"]
[BlackElo "1127"]

1. e4 d6 2. c4 g6 3. d4 Bg7 4. Nc3 Nf6 5. h3 O-O 6. Nf3 e5 7. d5 Na6 8. Bg5 b6
9. Qd2 Nc5 10. b4 Na6 11. a3 Qd7 12. Bd3 Bb7 13. O-O Nh5 14. Nh4 c6 15. Rac1
Rac8 16. Be2 Rc7 17. Bxh5 gxh5 18. Nf5 f6 19. Bh4 Qf7 20. Nxd6 1-0

[Event "AUTO-BEG-648"]
[Site "http://www.queenalice.com/game.php?id=1459066"]
[Date "2017.1.11"]
[Round "1"]
[White "Pin"]
[Black "Zizek"]
[Result "1-0"]
[WhiteElo "1907"]
[BlackElo "1127"]

1. e4 c6 2. d4 d5 3. e5 Bf5 4. Nf3 Nd7 5. Be2 e6 6. O-O c5 7. c4 cxd4 8. Nxd4
Nxe5 9. cxd5 Qxd5 10. Qa4+ Nd7 11. Nc3 Qc5 12. Be3 Qb6 13. Bb5 Nf6 14. Nxf5 1-0

[Event "AUTO-BEG-648"]
[Site "http://www.queenalice.com/game.php?id=1459067"]
[Date "2017.1.11"]
[Round "1"]
[White "Zizek"]
[Black "Pin"]
[Result "0-1"]
[WhiteElo "1127"]
[BlackElo "1975"]

1. e4 e6 2. d4 d5 3. exd5 exd5 4. Bf4 c6 5. Nf3 Bd6 6. Bxd6 Qxd6 7. Bd3 Nf6 8.
O-O O-O 9. Nbd2 Bg4 10. c3 Nbd7 11. Qb3 b6 12. Rae1 c5 13. Ne5 c4 14. Bxc4 dxc4
0-1

[Event "AUTO-BEG-648"]
[Site "http://www.queenalice.com/game.php?id=1459073"]
[Date "2017.1.11"]
[Round "1"]
[White "Zizek"]
[Black "Ruusgugg"]
[Result "0-1"]
[WhiteElo "1113"]
[BlackElo "1286"]

1. e4 e5 2. f4 exf4 3. Nf3 g5 4. Bc4 Nh6 5. O-O g4 6. Ne1 c6 7. d4 b5 8. Bb3 Bd6
9. Bxf4 Bxf4 10. Rxf4 Qh4 0-1